Normal view
MARC view
- Venugopal, K .
Entry Personal Name
001 - CONTROL NUMBER
- control field: 370
003 - CONTROL NUMBER IDENTIFIER
- control field: OSt
005 - DATE AND TIME OF LATEST TRANSACTION
- control field: 20160610161650.0
008 - FIXED-LENGTH DATA ELEMENTS
- fixed length control field: 160610|| aca||aabn | a|a d
040 ## - CATALOGING SOURCE
- Original cataloging agency: OSt
- Transcribing agency: OSt
100 ## - HEADING--PERSONAL NAME
- Personal name: Venugopal, K .
670 ## - SOURCE DATA FOUND
- Source citation: Work cat.: (OSt)10944: Venugopal, K . Prabhu Raja,V, Engineering graphics , 2010
